000 00919cam a22003133a 4500
001 7381
003 PGUSA
005 20140828083144.0
008 050101s2005||||xxu|||||s|||||000 1 eng d
040 _aPGUSA
_beng
042 _adc
050 4 _aPR
100 1 _aTrollope, Anthony,
_d1815-1882
245 1 4 _aThe Eustace Diamonds
_h[electronic resource] /
_cAnthony Trollope
260 _bProject Gutenberg,
_c2005
506 _aPublic domain in the USA.
516 _aElectronic text
653 _aLondon (England) -- Fiction
653 _aCourtship -- Fiction
653 _aSocialites -- Fiction
653 _aJewelry theft -- Fiction
653 _aPalliser, Plantagenet (Fictitious character) -- Fiction
653 _aSatire
653 _aPolitical fiction
653 _aPoor women -- Fiction
830 0 _aProject Gutenberg
_v7381
856 4 0 _uhttp://www.gutenberg.org/ebooks/7381
942 _cEB
999 _c236701
_d236701